[Event "CRO-chT2 Ost"]
[Site "Croatia"]
[Date "2015.05.10"]
[Round "6.35"]
[White "Hodak, Stevo"]
[Black "Babic, Andrija"]
[Result "1-0"]
[WhiteElo "2237"]
[BlackElo "2065"]
[PlyCount "107"]
[EventDate "2015.04.25"]
[EventType "team-tourn"]
[EventRounds "11"]
[EventCountry "CRO"]
[SourceTitle "EXT 2016"]
[Source "ChessBase"]
[SourceDate "2015.10.08"]
[SourceVersion "1"]
[SourceVersionDate "2015.10.08"]
[SourceQuality "1"]

1. e4 c5 2. Nf3 d6 3. Bb5+ Bd7 4. Bxd7+ Nxd7 5. d4 cxd4 6. Qxd4 Ngf6 7. 0-0 e5 8. Qe3 Be7 9. c4 0-0 10. Nc3 Qc7 11. b3 a6 12. Rd1 Rac8 13. Bb2 Nc5 14. Ba3 Ne6 15. Rac1 Nf4 16. Qd2 Rcd8 17. g3 Qc8 18. gxf4 Qg4+ 19. Kf1 Qxf3 20. Qe3 Qh5 21. fxe5 Ng4 22. Qg3 Bh4 23. Qh3 Nxf2 24. Qf5 Qxf5 25. exf5 Nxd1 26. Rxd1 dxe5 27. Bxf8 Rxd1+ 28. Nxd1 Kxf8 29. Ke2 Ke7 30. Kd3 Bg5 31. Nc3 Bf4 32. Nd5+ Kd6 33. h3 Bg3 34. Nc3 Be1 35. Ne4+ Ke7 36. Nc5 g6 37. fxg6 hxg6 38. Nxb7 Bb4 39. c5 Kd7 40. Kc4 a5 41. Kd5 Bc3 42. c6+ Kc7 43. Nd6 Bb4 44. Nxf7 e4 45. Kxe4 Kxc6 46. Ne5+ Kb5 47. Nxg6 a4 48. h4 Bc3 49. bxa4+ Kxa4 50. h5 Bg7 51. Kf5 Ka3 52. Nf4 Kxa2 53. Kg6 Bh8 54. Ne6 1-0

[Event "CRO-chT2 East"]
[Site "Osijek"]
[Date "2013.10.27"]
[Round "11.64"]
[White "Hodak, Stevo"]
[Black "Jusup, Matej"]
[Result "1/2-1/2"]
[WhiteElo "2201"]
[BlackElo "2167"]
[PlyCount "26"]
[EventDate "2013.04.20"]
[EventType "team-tourn"]
[EventRounds "11"]
[EventCountry "CRO"]
[SourceTitle "EXT 2023"]
[Source "ChessBase"]
[SourceDate "2022.10.05"]
[SourceVersion "1"]
[SourceVersionDate "2022.10.05"]
[SourceQuality "1"]

1. e4 c5 2. Nf3 d6 3. Bb5+ Bd7 4. Bxd7+ Qxd7 5. 0-0 Nc6 6. Re1 Nf6 7. c3 g6 8. d4 cxd4 9. cxd4 Bg7 10. Nc3 0-0 11. Bg5 Rfd8 12. Qd2 a6 13. Rad1 Rac8 1/2-1/2

[Event "CRO-chT2 East"]
[Site "Osijek"]
[Date "2013.10.12"]
[Round "7.43"]
[White "Jovanovic, Radivoje"]
[Black "Hodak, Stevo"]
[Result "0-1"]
[WhiteElo "1822"]
[BlackElo "2201"]
[PlyCount "186"]
[EventDate "2013.04.20"]
[EventType "team-tourn"]
[EventRounds "11"]
[EventCountry "CRO"]
[SourceTitle "EXT 2023"]
[Source "ChessBase"]
[SourceDate "2022.10.05"]
[SourceVersion "1"]
[SourceVersionDate "2022.10.05"]
[SourceQuality "1"]

1. d4 d5 2. e3 Nf6 3. c4 e6 4. Nf3 Be7 5. Nc3 0-0 6. cxd5 exd5 7. Be2 c6 8. 0-0 Bf5 9. Nh4 Bg6 10. Nxg6 hxg6 11. Bf3 Nbd7 12. Ne2 Re8 13. Bd2 Qb6 14. Rb1 Bd6 15. Nc3 Nf8 16. Re1 Ne6 17. g3 Ng5 18. Bg2 Nge4 19. Qc2 Rac8 20. Nxe4 Nxe4 21. Bxe4 Rxe4 22. b4 Qd8 23. Qb3 Qd7 24. Kg2 g5 25. b5 g4 26. bxc6 bxc6 27. Rf1 g6 28. f3 gxf3+ 29. Rxf3 Rb8 30. Qc2 Rxb1 31. Qxb1 Re8 32. Qd3 Rb8 33. Rf2 Qg4 34. Bc3 Kg7 35. Rb2 Rh8 36. Be1 Qh3+ 37. Kg1 Re8 38. Bf2 Qg4 39. Kg2 Re6 40. Qe2 Qe4+ 41. Qf3 Qd3 42. Qe2 Qa3 43. Rb3 Qc1 44. Rb2 Ba3 45. Rc2 Qb1 46. Qd3 Be7 47. Rd2 Qb7 48. Rc2 Bg5 49. Rc3 Qb2 50. Rc2 Qb1 51. Rd2 Qb7 52. Re2 Qd7 53. Rb2 Rf6 54. h3 Re6 55. Rb8 Qe7 56. Rb3 a5 57. Ra3 a4 58. h4 Bh6 59. Rc3 Re4 60. Ra3 Qb4 61. Qc3 Qe7 62. Qd3 Kh7 63. Rc3 Qd7 64. Qc2 Qe8 65. Kf3 Re6 66. Qxa4 Rf6+ 67. Kg2 Qe4+ 68. Kg1 Qb1+ 69. Kg2 Qe4+ 70. Kg1 Qf3 71. Qc2 Re6 72. Qd2 Bf8 73. Rc2 Be7 74. a4 Bd8 75. Qe2 Qe4 76. Rb2 Kg7 77. Qc2 Qf3 78. Rb8 Bc7 79. Rb2 Bxg3 80. a5 Re4 81. Qe2 Bxf2+ 82. Qxf2 Qd1+ 83. Kg2 Qh5 84. Kh3 g5 85. Kg2 Rxh4 86. Qxh4 Qxh4 87. a6 Qg4+ 88. Kh2 Qc8 89. Ra2 Qc7+ 90. Kg2 Qa7 91. Kf3 Kg6 92. Ra4 f5 93. Kg3 Kf6 0-1

[Event "Vukovar Srijem CupT 6th"]
[Site "Tompojevci"]
[Date "2013.03.10"]
[Round "4.1"]
[White "Hodak, Stevo"]
[Black "Radmanovic, Danijel"]
[Result "1-0"]
[WhiteElo "2201"]
[BlackElo "1994"]
[PlyCount "93"]
[EventDate "2013.03.08"]
[EventType "team-swiss"]
[EventRounds "5"]
[EventCountry "CRO"]
[SourceTitle "EXT 2014"]
[Source "ChessBase"]
[SourceDate "2013.11.20"]
[SourceVersion "1"]
[SourceVersionDate "2013.11.20"]
[SourceQuality "1"]
[WhiteTeam "Vinkovci"]
[BlackTeam "Borovo Vukovar"]
[WhiteTeamCountry "CRO"]
[BlackTeamCountry "CRO"]

1. e4 e6 2. d4 d5 3. exd5 exd5 4. Nf3 Nc6 5. Bb5 a6 6. Bxc6+ bxc6 7. 0-0 Ne7 8. Re1 Bg4 9. b3 Qd7 10. h3 Bxf3 11. Qxf3 h5 12. Nc3 f6 13. Na4 Kf7 14. Nc5 Qc8 15. Re6 Qxe6 16. Nxe6 Kxe6 17. Bf4 Kd7 18. Re1 Nf5 19. c3 Bd6 20. Bd2 g6 21. c4 Rae8 22. cxd5 Rxe1+ 23. Bxe1 Nxd4 24. dxc6+ Nxc6 25. Qxf6 Re8 26. Kf1 Re6 27. Qf7+ Be7 28. Qf3 Ne5 29. Qd5+ Bd6 30. Bb4 Ke7 31. Bd2 c6 32. Bg5+ Kf7 33. Qd4 Be7 34. Bxe7 Kxe7 35. Qa7+ Kd6 36. Qxa6 g5 37. a4 g4 38. hxg4 hxg4 39. a5 Kd5 40. Qc8 Rd6 41. a6 Ke4 42. Ke2 Rd3 43. a7 Rxb3 44. a8Q Rb2+ 45. Kd1 Rxf2 46. Qa4+ Ke3 47. Qa7+ 1-0

[Event "Vukovar Srijem CupT 6th"]
[Site "Tompojevci"]
[Date "2013.03.09"]
[Round "3.1"]
[White "Babic, Andrija"]
[Black "Hodak, Stevo"]
[Result "1-0"]
[WhiteElo "2058"]
[BlackElo "2201"]
[PlyCount "103"]
[EventDate "2013.03.08"]
[EventType "team-swiss"]
[EventRounds "5"]
[EventCountry "CRO"]
[SourceTitle "EXT 2014"]
[Source "ChessBase"]
[SourceDate "2013.11.20"]
[SourceVersion "1"]
[SourceVersionDate "2013.11.20"]
[SourceQuality "1"]
[WhiteTeam "Sladorana Zupanja"]
[BlackTeam "Vinkovci"]
[WhiteTeamCountry "CRO"]
[BlackTeamCountry "CRO"]

1. e4 e5 2. Nf3 Nc6 3. Bc4 Bc5 4. 0-0 Nf6 5. c3 d6 6. d4 exd4 7. cxd4 Bb6 8. Nc3 Bg4 9. Be3 0-0 10. h3 Bxf3 11. gxf3 Nh5 12. Kh2 Ne7 13. f4 Nf6 14. e5 dxe5 15. fxe5 Nfd5 16. Bg5 Qd7 17. Rg1 Nxc3 18. bxc3 Ng6 19. Qf3 c5 20. Rad1 cxd4 21. cxd4 Rac8 22. Bb3 Kh8 23. Be3 a5 24. a4 Rc3 25. Qd5 Qe7 26. Rc1 Rxc1 27. Rxc1 f6 28. e6 Rd8 29. Qb5 Qd6+ 30. Kh1 Bc7 31. Rxc7 Qxc7 32. d5 Qe5 33. Qxa5 Qe4+ 34. Kh2 Rc8 35. Qd2 Nh4 36. Kg3 g5 37. f3 Qxf3+ 38. Kh2 Qe4 39. Bd1 Rc3 40. Bxg5 Nf3+ 41. Bxf3 Rxf3 42. Qb2 Kg7 43. Qxb7+ Kh8 44. Qc8+ Kg7 45. Qd7+ Kg6 46. Qf7+ Kxg5 47. Qg7+ Kf4 48. Qg4+ Ke5 49. Qxe4+ Kxe4 50. e7 Rf2+ 51. Kg1 Rf3 52. e8Q+ 1-0

[Event "CRO-chT2 East"]
[Site "Croatia"]
[Date "2011.10.15"]
[Round "8"]
[White "Pandurevic, Miro"]
[Black "Hodak, Stevo"]
[Result "0-1"]
[WhiteElo "2246"]
[BlackElo "2206"]
[PlyCount "120"]
[EventDate "2011.04.02"]
[EventType "tourn"]
[EventRounds "11"]
[EventCountry "CRO"]
[SourceTitle "EXT 2014"]
[Source "ChessBase"]
[SourceDate "2013.11.20"]
[SourceVersion "1"]
[SourceVersionDate "2013.11.20"]
[SourceQuality "1"]

1. c4 e6 2. Nf3 d5 3. e3 Nf6 4. a3 Be7 5. Nc3 0-0 6. d4 b6 7. Ne5 Bb7 8. cxd5 Nxd5 9. Bd3 Nd7 10. Qh5 g6 11. Qe2 Nxe5 12. dxe5 Nxc3 13. bxc3 Qd5 14. e4 Qxe5 15. Bb2 Bf6 16. 0-0 Qa5 17. Rac1 Rad8 18. f4 Rxd3 19. Qxd3 Ba6 20. Qf3 Bxf1 21. Qxf1 Rd8 22. Qe2 Qc5+ 23. Kh1 Qc6 24. h3 Qd7 25. Kg1 Qd3 26. Kf1 Qg3 27. Qf3 Qxf3+ 28. gxf3 Rd2 29. Ba1 Be7 30. a4 Bc5 31. c4 Rh2 32. Rd1 Rh1+ 33. Ke2 Rxd1 34. Kxd1 Bd6 35. f5 gxf5 36. exf5 exf5 37. Bf6 Kf8 38. Ke2 Ke8 39. Kd3 Kd7 40. Bd4 Ke6 41. Bc3 Be5 42. Bd2 Kd6 43. Bb4+ Kc6 44. Ba3 Kd7 45. c5 Kc6 46. Kc4 Bg3 47. cxb6 cxb6 48. Bb4 Be5 49. Bd2 a6 50. Be3 b5+ 51. axb5+ axb5+ 52. Kd3 Kd5 53. Bd2 Kc5 54. Be1 b4 55. Bh4 b3 56. Be7+ Kd5 57. Ba3 h5 58. f4 Bxf4 59. Kc3 Bd6 60. Bc1 Ke4 0-1

[Event "CRO-chT2 East"]
[Site "Croatia"]
[Date "2011.04.02"]
[Round "1"]
[White "Abramovic, Darko"]
[Black "Hodak, Stevo"]
[Result "0-1"]
[WhiteElo "2083"]
[BlackElo "2169"]
[PlyCount "72"]
[EventDate "2011.04.02"]
[EventType "tourn"]
[EventRounds "11"]
[EventCountry "CRO"]
[SourceTitle "EXT 2014"]
[Source "ChessBase"]
[SourceDate "2013.11.20"]
[SourceVersion "1"]
[SourceVersionDate "2013.11.20"]
[SourceQuality "1"]

1. d4 d5 2. Bf4 Nf6 3. e3 Bf5 4. c4 e6 5. Nc3 c6 6. Qb3 Qb6 7. c5 Qxb3 8. axb3 Nbd7 9. b4 Nh5 10. Bg3 Nxg3 11. hxg3 Be7 12. f4 0-0 13. Nf3 b6 14. Be2 a5 15. bxa5 bxc5 16. 0-0 Rfb8 17. Ra2 Bc2 18. Bd1 Bxd1 19. Rxd1 Ra6 20. Rda1 Rba8 21. dxc5 Bxc5 22. Nd4 Bb4 23. Nc2 Be7 24. b4 Bf6 25. Nd4 c5 26. bxc5 Nxc5 27. Ncb5 Bd8 28. Rc1 Ne4 29. Nc6 Nxg3 30. Nxd8 Rxd8 31. Rcc2 Nf5 32. Nc7 Ra7 33. Nb5 Raa8 34. Kf2 Nd6 35. Nxd6 Rxd6 36. a6 g6 0-1

[Event "Bosnjaci op 16th"]
[Site "Bosnjaci"]
[Date "2011.01.05"]
[Round "4"]
[White "Biti, Ozren"]
[Black "Hodak, Stevo"]
[Result "1/2-1/2"]
[WhiteElo "2370"]
[BlackElo "2169"]
[PlyCount "33"]
[EventDate "2011.01.03"]
[EventType "swiss"]
[EventRounds "9"]
[EventCountry "CRO"]
[SourceTitle "CBM 140 Extra"]
[Source "ChessBase"]
[SourceDate "2011.03.01"]
[SourceVersion "1"]
[SourceVersionDate "2011.03.01"]
[SourceQuality "1"]

1. e4 e5 2. Nf3 Nc6 3. Bc4 Bc5 4. c3 Nf6 5. d3 h6 6. b4 Bb6 7. b5 Na5 8. Nxe5 d5 9. exd5 Nxc4 10. Nxc4 Qxd5 11. 0-0 Qxb5 12. a4 Qd5 13. Re1+ Be6 14. a5 Bc5 15. Re5 Qc6 16. a6 b6 17. Ba3 1/2-1/2

[Event "CRO-chT2 East"]
[Site "Osijek"]
[Date "2010.04.24"]
[Round "5.63"]
[White "Pandurevic, Miro"]
[Black "Hodak, Stevo"]
[Result "1/2-1/2"]
[WhiteElo "2294"]
[BlackElo "2182"]
[PlyCount "48"]
[EventDate "2010.04.17"]
[EventType "team-tourn"]
[EventRounds "11"]
[EventCountry "CRO"]
[SourceTitle "EXT 2012"]
[Source "ChessBase"]
[SourceDate "2011.11.24"]
[SourceVersion "1"]
[SourceVersionDate "2011.11.24"]
[SourceQuality "1"]

1. e4 e5 2. Nf3 Nc6 3. d4 exd4 4. Nxd4 Nf6 5. Nc3 Bb4 6. Nxc6 bxc6 7. Bd3 d5 8. exd5 cxd5 9. Bb5+ Bd7 10. Qe2+ Qe7 11. Bxd7+ Nxd7 12. Qxe7+ Kxe7 13. Bd2 Bxc3 14. Bxc3 c5 15. 0-0-0 Kd6 16. Rhe1 f6 17. b4 Rhe8 18. bxc5+ Kxc5 19. Bd4+ Kc6 20. Rxe8 Rxe8 21. Bxa7 Ra8 22. Bd4 Rxa2 23. Re1 Kd6 24. Re8 Ra4 1/2-1/2

[Event "CRO-chT2 East"]
[Site "Osijek"]
[Date "2010.04.18"]
[Round "3.53"]
[White "Miletic, Josip"]
[Black "Hodak, Stevo"]
[Result "1-0"]
[WhiteElo "2294"]
[BlackElo "2182"]
[PlyCount "115"]
[EventDate "2010.04.17"]
[EventType "team-tourn"]
[EventRounds "11"]
[EventCountry "CRO"]
[SourceTitle "EXT 2012"]
[Source "ChessBase"]
[SourceDate "2011.11.24"]
[SourceVersion "1"]
[SourceVersionDate "2011.11.24"]
[SourceQuality "1"]

1. Nf3 d5 2. g3 Nf6 3. Bg2 Bf5 4. d3 e6 5. 0-0 c6 6. Nbd2 Be7 7. c4 0-0 8. Nh4 Bg6 9. Nxg6 hxg6 10. b3 Nbd7 11. Bb2 Ne8 12. e4 dxe4 13. Nxe4 Ndf6 14. Qe2 Qc7 15. d4 Nxe4 16. Bxe4 Nd6 17. Bc2 Bf6 18. Rfd1 Nf5 19. Bxf5 gxf5 20. d5 Bxb2 21. d6 Qa5 22. Qxb2 f4 23. gxf4 Qf5 24. Qe5 Qg4+ 25. Kf1 Qh3+ 26. Ke2 f6 27. Qe3 Qf5 28. Rg1 e5 29. Qd3 e4 30. Qg3 Rf7 31. Qg4 Qxg4+ 32. Rxg4 f5 33. Rg6 Rf6 34. Rxf6 gxf6 35. Rd1 Kf7 36. h4 Rh8 37. c5 Ke8 38. Rh1 Rh5 39. b4 b6 40. f3 bxc5 41. bxc5 Kd7 42. Ke3 Ke6 43. Rh2 a5 44. a4 Kd7 45. Kf2 Ke6 46. Kg3 Rh8 47. h5 Kd5 48. Rd2+ Kxc5 49. d7 Rd8 50. fxe4 fxe4 51. Kf2 Kb4 52. h6 c5 53. h7 c4 54. Ke3 f5 55. Rh2 Rh8 56. Rg2 c3 57. Rg8 c2 58. Kd2 1-0

[Event "CRO-chT2 East"]
[Site "Osijek"]
[Date "2010.04.17"]
[Round "2.33"]
[White "Hodak, Stevo"]
[Black "Matanovic, Zlatko"]
[Result "1-0"]
[WhiteElo "2182"]
[BlackElo "2023"]
[PlyCount "79"]
[EventDate "2010.04.17"]
[EventType "team-tourn"]
[EventRounds "11"]
[EventCountry "CRO"]
[SourceTitle "EXT 2012"]
[Source "ChessBase"]
[SourceDate "2011.11.24"]
[SourceVersion "1"]
[SourceVersionDate "2011.11.24"]
[SourceQuality "1"]

1. e4 c5 2. Nf3 Nc6 3. Bb5 Nd4 4. Nxd4 cxd4 5. 0-0 Qb6 6. Bc4 g6 7. d3 Bg7 8. a4 e6 9. a5 Qc7 10. f4 Ne7 11. Bd2 0-0 12. Na3 a6 13. Bb3 b5 14. axb6 Qxb6 15. Nc4 Qc5 16. Qe1 Rb8 17. Ra5 Qc7 18. Bb4 Rxb4 19. Qxb4 Nc6 20. Rc5 d6 21. Rxc6 Qxc6 22. Qxd6 Qxd6 23. Nxd6 Rd8 24. Nxc8 Rxc8 25. Ra1 Bh6 26. g3 g5 27. f5 exf5 28. Rxa6 fxe4 29. Rxh6 e3 30. Rd6 Re8 31. Kf1 Kg7 32. Rd7 Rf8 33. Ke2 Kg6 34. Rxf7 Rd8 35. Bc4 h5 36. h4 gxh4 37. gxh4 Rd6 38. c3 Rb6 39. cxd4 Rxb2+ 40. Kxe3 1-0

[Event "Bosnjaci op 15th"]
[Site "Bosnjaci"]
[Date "2010.01.08"]
[Round "8"]
[White "Hodak, Stevo"]
[Black "Pandurevic, Miro"]
[Result "0-1"]
[WhiteElo "2181"]
[BlackElo "2314"]
[PlyCount "92"]
[EventDate "2010.01.03"]
[EventType "swiss"]
[EventRounds "9"]
[EventCountry "CRO"]
[SourceTitle "CBM 134 Extra"]
[Source "ChessBase"]
[SourceDate "2010.03.03"]
[SourceVersion "1"]
[SourceVersionDate "2010.03.03"]
[SourceQuality "1"]

1. e4 e6 2. d4 d5 3. exd5 exd5 4. Nf3 Bd6 5. Bd3 Ne7 6. 0-0 0-0 7. Bg5 f6 8. Bh4 Nbc6 9. c3 Bf5 10. Bg3 Qd7 11. Qc2 Bxd3 12. Qxd3 Qf5 13. Qxf5 Nxf5 14. Nbd2 Rfe8 15. Rfe1 Bxg3 16. hxg3 Nd6 17. Rxe8+ Rxe8 18. Re1 Kf7 19. Rxe8 Kxe8 20. Kf1 Na5 21. Ke2 Nac4 22. Nxc4 Nxc4 23. b3 Nd6 24. Nd2 h5 25. Kd3 Kf7 26. Nf1 Ne4 27. f3 Nd6 28. Ne3 Ke6 29. c4 c6 30. g4 hxg4 31. cxd5+ cxd5 32. Nxg4 Nf5 33. Nh2 Ng3 34. Ng4 g5 35. Nf2 f5 36. Nh3 Kf6 37. f4 g4 38. Nf2 Ne4 39. Nd1 b5 40. Nc3 Nxc3 41. Kxc3 a5 42. Kc2 g3 43. Kc3 b4+ 44. Kc2 Kg6 45. Kd3 Kh5 46. Ke3 Kg4 0-1